| 000 | 00568nam a22001937a 4500 | ||
|---|---|---|---|
| 005 | 20251108171841.0 | ||
| 008 | 250721s9999 xx 000 0 ara d | ||
| 082 | 1 | 4 | _a641.1/تغذ |
| 100 | 1 | _aمنصور، عزة | |
| 245 | 1 | 0 | _aالتغذية و إعداد الطعام / |
| 264 | 1 |
_aعمان : _bوزارة الصحة، _c[19-]. |
|
| 650 | 1 | 7 | _aعلم التغذية |
| 650 | 1 | 7 | _aالبروتينات |
| 700 | 1 | _aفادوسي، نوال محمد | |
| 700 | 1 | _aمحمد، علبة | |
| 700 | 1 | _aحافظ، نجلاء | |
| 942 |
_2ddc _cBK |
||
| 999 |
_c64256 _d64256 |
||